History Quiz

Random History Quiz

Danish Princesses by Marriage Quiz Stats

Quiz not verified by Sporcle

Challenge
Share
Tweet
Embed
Score 0/36 Timer 10:00
0 Plays Today
Hint Answer % Correct
6th GenerationLandgravine Marie of Hesse-Kassel
97.8%
8th GenerationPrincess Marie of of Orléans
97.8%
9th GenerationPrincess Marie Bonaparte
97.8%
12th GenerationMary Donaldson
97.8%
12th GenerationMarie Cavallier
97.8%
12th GenerationMarie-Chantal Miller
97.8%
1st GenerationQueen Anne of Great Britian
95.6%
10th GenerationAnne Bowes-Lyon
95.6%
11th GenerationPrincess Anne Marie of Denmark
95.6%
2nd GenerationDuchess Louise of Mecklenburg-Güstrow
92.2%
4th GenerationPrincess Louise of Great Britain
92.2%
8th GenerationPrincess Louise of Sweden and Norway
92.2%
3rd GenerationMargravine Sophie Magdalene of Brandenburg-Kulmbach
88.9%
9th GenerationPrincess Sophia of Prussia
88.9%
10th GenerationPrincess Frederica of Hanover
85.6%
5th GenerationDuchess Sophia Frederica of Mecklenburg-Schwerin
83.3%
9th GenerationPrincess Alice of Battenburg
83.3%
10th GenerationPrincess Elisabeth of Romania
83.3%
Hint Answer % Correct
6th GenerationPrincess Caroline of Denmark
82.2%
9th GenerationDuchess Alexandrine of Mecklenburg-Schwerin
82.2%
10th GenerationPrincess Caroline-Mathilde of Denmark
82.2%
1st GenerationLandgravine Charlotte Amalie of Hesse-Kassel
80%
6th GenerationDuchess Charlotte Frederica of Meckelnburg-Schwerin
80%
6th GenerationPrincess Charlotte Amalie of Schleswig-Holstein-Sonderburg-Augustenburg
80%
7th GenerationDuchess Charlotte Mariane of Mecklenburg
80%
8th GenerationGrand Duchess Olga Constantiovna of Russia
77.8%
9th GenerationGrand Duchess Elena Vladimirovna of Russia
70%
9th GenerationPrincess Maud of Wales
67.8%
9th GenerationNancy Leeds
65.6%
9th GenerationPrincess Françoise of Orléans
64.4%
7th GenerationPrincess Vilhelmine Marie of Denmark
63.3%
9th GenerationPrincess Helena Adelaide of Schleswig-Holstein-Sonderburg-Glücksburg
57.8%
10th GenerationPrincess Ingrid of Sweden
53.3%
12th GenerationTatiana Blatnik
50%
10th GenerationAspasia Manos
46.7%
9th GenerationPrincess Margaretha of Sweden
44.4%

You're not logged in!

Compare scores with friends on all Sporcle quizzes.
Sign Up with Email
OR
Log In

You Might Also Like...

Show Comments

Extras

Top Quizzes Today


Score Distribution

Your Account Isn't Verified!

In order to create a playlist on Sporcle, you need to verify the email address you used during registration. Go to your Sporcle Settings to finish the process.